| 000 | 01632nam a2200337 a 4500 | ||
|---|---|---|---|
| 001 | ebr10604269 | ||
| 003 | CaPaEBR | ||
| 006 | m u | ||
| 007 | cr cn||||||||| | ||
| 008 | 120924s2012 sz a sb 101 0 eng d | ||
| 020 | _z9783037852972 | ||
| 020 | _z9783038136842 (e-book) | ||
| 040 |
_aCaPaEBR _cCaPaEBR |
||
| 035 | _a(OCoLC)815479384 | ||
| 050 | 1 | 4 |
_aTJ1185 _b.I58 2011eb |
| 111 | 2 |
_aInternational Congress of Precision Machining (ICPM2011) _n(6th : _dSept. 13-15, 2011 : _cLJMU, Liverpool, Merseyside, UK) |
|
| 245 | 1 | 0 |
_aPrecision machining VI _h[electronic resource] : _bselected, peer reviewed papers from the 6th International Congress of Precision Machining (ICPM2011), September 13-15, 2011, LJMU, Liverpool, Merseyside, UK / _cedited by Michael N. Morgan, Andrew Shaw and Otar Mgaloblishvili. |
| 260 |
_aDurnten-Zurich, Switzerland : _bTrans Tech Publications, _c2012. |
||
| 300 |
_aa-c, 271 p. : _bill. (some col.). |
||
| 440 | 0 |
_aKey engineering materials, _x1662-9809 ; _vv. 496 |
|
| 504 | _aIncludes bibliographical references and indexes. | ||
| 533 |
_aElectronic reproduction. _bPalo Alto, Calif. : _cebrary, _d2011. _nAvailable via World Wide Web. _nAccess may be limited to ebrary affiliated libraries. |
||
| 650 | 0 |
_aManufacturing processes _vCongresses. |
|
| 650 | 0 |
_aMachining _vCongresses. |
|
| 655 | 7 |
_aElectronic books. _2local |
|
| 700 | 1 | _aMorgan, Michael N. | |
| 700 | 1 | _aShaw, Andrew. | |
| 700 | 1 | _aMgaloblishvili, Otar. | |
| 710 | 2 | _aebrary, Inc. | |
| 856 | 4 | 0 |
_uhttp://site.ebrary.com/lib/rucke/Doc?id=10604269 _zAn electronic book accessible through the World Wide Web; click to view |
| 999 |
_c99900 _d99900 |
||